| 000 | 00563nam a2200241 a 4500 | ||
|---|---|---|---|
| 001 | nice12345678 | ||
| 003 | IN_TiNIC | ||
| 005 | 20260116012616.0 | ||
| 008 | 050524s1962 lona grp 000 0 eng | ||
| 020 |
_a _c100 |
||
| 082 | 0 | 0 |
_a246.7 _bTUR` |
| 100 | _aTurner, P W | ||
| 245 | _aThis Is the Word and Word Made Flesh | ||
| 260 |
_aLondon _bSpck _c1962 |
||
| 300 | _a63p | ||
| 500 | _aincludes index and biblioraphy | ||
| 505 | 2 | _aappendix | |
| 650 | _aChristian-Drama | ||
| 700 | 1 | _aTurner, P W | |
| 902 | _bSRS | ||
| 942 | _cBK | ||
| 999 |
_c7652 _d7652 |
||